The noble scholar, jurist, historian


 His Excellency Dr. Abdul Wahhab bin Ibrahim Abu Sulaiman, may Allah have mercy on him.


 He was born in Umm Al-Qura in the year 1356 AH.

نفائس الأصول في شرح المحصول. (Record no. 13590)

MARC details
000 -LEADER
fixed length control field 01496ctm a2200277 i 4500
003 - CONTROL NUMBER IDENTIFIER
control field SA-RiAUC
005 - DATE AND TIME OF LATEST TRANSACTION
control field 20251218135344.0
008 - FIXED-LENGTH DATA ELEMENTS--GENERAL INFORMATION
fixed length control field 251218s1986 su f m 00000 ara c
040 ## - CATALOGING SOURCE
Original cataloging agency SA-JeALM
Language of cataloging ara
Transcribing agency SA-RiAUC
Description conventions rda
082 04 - DEWEY DECIMAL CLASSIFICATION NUMBER
Classification number 251
090 ## - LOCALLY ASSIGNED LC-TYPE CALL NUMBER (OCLC); LOCAL CALL NUMBER (RLIN)
Classification number (OCLC) (R) ; Classification number, CALL (RLIN) (NR) ر 251
Local cutter number (OCLC) ; Book number/undivided call number, CALL (RLIN) س ل م
100 1# - MAIN ENTRY--PERSONAL NAME
Personal name السلمي، عياضة بن نامي
Dates associated with a name 1373 هجري-
Relator term مؤلف.
245 10 - TITLE STATEMENT
Title نفائس الأصول في شرح المحصول.
Statement of responsibility, etc. تأليف شهاب الدين أحمد بن إدريس القرافي ؛ دراسة وتحقيق عياضة بن نامى السلمي ؛ إشراف طه جابر فياض العلواني.
Number of part/section of a work الجزء الأول /
264 #0 - PRODUCTION, PUBLICATION, DISTRIBUTION, MANUFACTURE, AND COPYRIGHT NOTICE
Place of production, publication, distribution, manufacture الرياض :
Name of producer, publisher, distributor, manufacturer جامعة الإمام محمد بن سعود الإسلامية .
Date of production, publication, distribution, manufacture, or copyright notice 1986
300 ## - PHYSICAL DESCRIPTION
Extent 7 مجلد ؛
Dimensions 30 سم .
336 ## - CONTENT TYPE
Content type term نص
Content type code txt
Source rdacontent
Materials specified أطروحة
337 ## - MEDIA TYPE
Media type term بدون وسيط
Media type code n
Source rdamedia
338 ## - CARRIER TYPE
Carrier type term مجلد
Carrier type code nc
Source rdacarrier
500 ## - GENERAL NOTE
General note أطروحة (دكتوراه)-جامعة الإمام محمد بن سعود الإسلامية ، 1406 هجري.
502 ## - DISSERTATION NOTE
Dissertation note أطروحة (دكتوراه)-جامعة الإمام محمد بن سعود الإسلامية ، 1406 هجري.
650 #7 - SUBJECT ADDED ENTRY--TOPICAL TERM
Topical term or geographic name entry element أصول الفقه الإسلامي
Source of heading or term aucsh
700 1# - ADDED ENTRY--PERSONAL NAME
Personal name القرافي، أحمد بن إدريس بن عبد الرحمن،
Dates associated with a name 626-684 هجري
Relator term مؤلف.
700 ## - ADDED ENTRY--PERSONAL NAME
Personal name العلواني، طه جابر فياض
Relator term مشرف .
942 ## - ADDED ENTRY ELEMENTS (KOHA)
Source of classification or shelving scheme Dewey Decimal Classification
Koha item type رسالة علمية
Suppress in OPAC No
949 ## - LOCAL PROCESSING INFORMATION (OCLC)
a SA-JeALM
d 251218
u osman123
n 1
Holdings
Withdrawn status Lost status Source of classification or shelving scheme Materials specified (bound volume or other part) Damaged status Not for loan Home library Current library Date acquired Total checkouts Full call number Barcode Date last seen Price effective from Koha item type
    Dewey Decimal Classification الجزء الاول (1)     DR AbdElwahab Library DR AbdElwahab Library 12/18/2025   ر 251 س ل م 000021778 12/18/2025 12/18/2025 رسالة علمية
    Dewey Decimal Classification الجزء الاول (2)     DR AbdElwahab Library DR AbdElwahab Library 12/18/2025   ر 251 س ل م 000021779 12/18/2025 12/18/2025 رسالة علمية
    Dewey Decimal Classification الجزء الاول (3)     DR AbdElwahab Library DR AbdElwahab Library 12/18/2025   ر 251 س ل م 000021780 12/18/2025 12/18/2025 رسالة علمية
    Dewey Decimal Classification الجزء الاول (4)     DR AbdElwahab Library DR AbdElwahab Library 12/18/2025   ر 251 س ل م 000021781 12/18/2025 12/18/2025 رسالة علمية
    Dewey Decimal Classification الجزء الاول (5)     DR AbdElwahab Library DR AbdElwahab Library 12/18/2025   ر 251 س ل م 000021782 12/18/2025 12/18/2025 رسالة علمية
    Dewey Decimal Classification الجزء الاول (6)     DR AbdElwahab Library DR AbdElwahab Library 12/18/2025   ر 251 س ل م 000021783 12/18/2025 12/18/2025 رسالة علمية
    Dewey Decimal Classification الجزء الاول (7)     DR AbdElwahab Library DR AbdElwahab Library 12/18/2025   ر 251 س ل م 000021784 12/18/2025 12/18/2025 رسالة علمية